000 00438nam a2200169Ia 4500
003 GCL
008 140319s9999 xx 000 0 ara d
040 _aGCL /
_cGCL
082 0 4 _aط
_b813.02
_bم ق
100 1 _aمحمود سالم
245 1 0 _aالقفزة الفاشلة /
_cمحمود سالم
490 _aكتاب
_v0
650 0 4 _aالاطفال
650 0 4 _aالقصص
650 0 4 _aقصص الاطفال
942 _2ddc
_cBK
999 _c42403
_d42403